West Bromwich Albion all-time top scorers - Statistics

General Stats
  • This quiz has been taken 17 times
  • The average score is 5 of 10
Answer Stats
Goals Nationality Player % Correct
110 England Tony Brown
93%
89 France / England Cyrille Regis
80%
67 England Jeff Astle
80%
61 Scotland Alistair Brown
73%
49 Northern Ireland Chris Brunt
73%
46 England Kevin Phillips
33%
92 England Lee Hughes
27%
94 England Derek Kevan
20%
111 England Ronnie Allen
20%
64 England Clive Clark
13%
No matching quizzes found
Score Distribution
Percent of People with Each Score
Percentile by Number Answered
Your Score History
You have not taken this quiz